|
|
|
|
| LEADER |
02424nam a2200613 a 4500 |
| 001 |
nkc20142651755 |
| 003 |
CZ PrNK |
| 005 |
20150218084610.0 |
| 007 |
ta |
| 008 |
150116s2014 xr abehf 001 0 cze |
| 015 |
|
|
|a cnb002651755
|
| 020 |
|
|
|a 978-80-85036-54-1
|q (brož.)
|
| 035 |
|
|
|a (OCoLC)904579787
|
| 040 |
|
|
|a ABA001
|b cze
|
| 041 |
0 |
|
|a cze
|b eng
|
| 043 |
|
|
|a e-xr---
|b e-xr-cc
|2 czenas
|
| 045 |
|
|
|a x1x3
|
| 072 |
|
7 |
|a 71
|x Územní plánování. Urbanismus. Památková péče
|2 Konspekt
|9 21
|
| 080 |
|
|
|a 711.58:622-051
|2 MRF
|
| 080 |
|
|
|a 711.48
|2 MRF
|
| 080 |
|
|
|a 351.778.532
|2 MRF
|
| 080 |
|
|
|a (437.31-17)
|2 MRF
|
| 080 |
|
|
|a (048.8)
|2 MRF
|
| 080 |
|
|
|a (083.82)
|2 MRF
|
| 100 |
1 |
|
|a Pavlíková, Marta,
|d 1978-
|7 xx0042550
|4 aut
|
| 245 |
1 |
0 |
|a Zaměstnanecká sídliště v severních Čechách mezi lety 1918-1938.
|n 1,
|p Státní hornické kolonie /
|c Marta Pavlíková, Jiří Bureš, Alena Sellnerová
|
| 246 |
3 |
0 |
|a Státní hornické kolonie
|
| 250 |
|
|
|a 1. vyd.
|
| 260 |
|
|
|a Ústí nad Labem :
|b Národní památkový ústav, územní odborné pracoviště v Ústí nad Labem,
|c 2014
|
| 300 |
|
|
|a 165 s. :
|b il. (převážně barev.), 1 mapa, plány, faksim. ;
|c 21 cm
|
| 500 |
|
|
|a 500 výt.
|
| 504 |
|
|
|a Obsahuje bibliografii, bibliografické odkazy a rejstříky
|
| 546 |
|
|
|a Anglické resumé
|
| 648 |
|
7 |
|a 1918-1938
|7 ch460648
|2 czenas
|
| 650 |
0 |
7 |
|a hornické kolonie
|7 ph407306
|z Česko
|2 czenas
|
| 650 |
0 |
7 |
|a sídliště
|7 ph126390
|z Česko
|2 czenas
|
| 650 |
0 |
7 |
|a sociální bydlení
|7 ph118437
|z Česko
|2 czenas
|
| 650 |
0 |
9 |
|a miners' colonies
|z Czechia
|2 eczenas
|
| 650 |
0 |
9 |
|a housing estates
|z Czechia
|2 eczenas
|
| 650 |
0 |
9 |
|a social housing
|z Czechia
|2 eczenas
|
| 655 |
|
7 |
|a studie
|7 fd133597
|2 czenas
|
| 655 |
|
7 |
|a katalogy
|7 fd132535
|2 czenas
|
| 655 |
|
9 |
|a studies
|2 eczenas
|
| 655 |
|
9 |
|a catalogs
|2 eczenas
|
| 651 |
|
7 |
|a Čechy severní (Česko)
|7 ge131650
|y 1918-1938
|2 czenas
|
| 651 |
|
9 |
|a Bohemia, Northern (Czechia)
|y 1918-1938
|2 eczenas
|
| 700 |
1 |
|
|a Bureš, Jiří,
|d 1981-
|7 mzk2007385913
|4 aut
|
| 700 |
1 |
|
|a Sellnerová, Alena,
|d 1978-
|7 xx0076088
|4 aut
|
| 910 |
2 |
|
|a BOA001
|b 2-1339.936,1
|
| 990 |
|
|
|a BK
|
| 995 |
|
|
|a 01
|
| 991 |
|
|
|b 201502
|c NOV
|e n
|
| 996 |
6 |
|
|b 2610619661
|c 2-1339.936,1
|l MZK
|r Sklad / do 1 hodiny
|n 6
|p p.v.
|w 001482801
|u 000010
|a 1
|e BOA001
|j MZK50
|s P
|
| 996 |
7 |
|
|b 2610622864
|c 2-1339.936,1
|l MZK
|r Sklad / do 1 hodiny
|n 6
|p kup
|w 001482801
|u 000020
|a 1
|e BOA001
|j MZK50
|s A
|